Nông nghiệp Việt Nam bước vào thế kỷ XXI
Sparad:
| Huvudupphovsman: | |
|---|---|
| Materialtyp: | Bok |
| Språk: | Undetermined |
| Publicerad: |
Hà Nội
Chính Trị Quốc Gia
1998
|
| Ämnen: | |
| Taggar: |
Lägg till en tagg
Inga taggar, Lägg till första taggen!
|
| Thư viện lưu trữ: | Trung tâm Học liệu Trường Đại học Cần Thơ |
|---|
| LEADER | 00599nam a2200193Ia 4500 | ||
|---|---|---|---|
| 001 | CTU_28727 | ||
| 008 | 210402s9999 xx 000 0 und d | ||
| 020 | |b 30.500đ | ||
| 082 | |a 338.1 | ||
| 082 | |b Đ109 | ||
| 100 | |a Bùi Huy Đáp | ||
| 245 | 0 | |a Nông nghiệp Việt Nam bước vào thế kỷ XXI | |
| 245 | 0 | |c Bùi Huy Đáp, Nguyễn Điền | |
| 260 | |a Hà Nội | ||
| 260 | |b Chính Trị Quốc Gia | ||
| 260 | |c 1998 | ||
| 650 | |a agriculture - economic aspects - 2000- | ||
| 904 | |i Minh, 990302 | ||
| 980 | |a Trung tâm Học liệu Trường Đại học Cần Thơ | ||